000 00773nam a22002657a 4500
003 OSt
005 20240530110420.0
008 150310s2008 ua aloff b 000 0 eng d
020 _a9773059863
040 _aEG-CaGPL
_cEG-CaGPL
082 0 4 _221
_a738.30932
_bCC/Z O
100 0 _aZahi Hawass
245 1 0 _aOld Kingdom Pottery From Giza /
_cZahi Hawass , Ashraf Senussi
260 _aCairo :
_bThe Supreme Council of Antiquities ,
_cc2008.
300 _a315 p. :
_bcol. ill. ;
_c39 cm.
504 _aIncludes bibliographical references.
650 0 _aCERAMIC - HISTORY
650 0 _aCERAMIC ARTS
650 0 _aPOTTERY
650 0 _aPOTTERY
_zGiza (Egypt)
650 0 _aARCHAEOLOGY
700 0 _aAshraf Senussi
942 _2ddc
_cBK
999 _c60643
_d60643